LEADER 01324nam a2200301 i 4500 001 000000039390 003 CaOOAMICUS 005 20101029000000.0 008 101029s1985 it u000 u ita u 013 $a10125 020 $a88-215-1015-8 040 $aSeMil$bita 100 1 $aMaddaloni, Vincenzo.$0(OLS)http://semarc/name/19094 245 10$aPopieluszko :$bla Polonia. i Polacchi /$cVincenzo Maddaloni ; Nota introduttiva di Vittorio Strada. 260 $aMilano :$bEdizioni Paoline,$ccopyr. 1985. 300 $a173 p., [8] p. di tav. ;$c22 cm. 490 0 $aUomini e donne ;$v2 500 $aIn mezzo al front : Fondo Card. Colombo. 600 14$aPopie?uszko, Jerzy .$0(OLS)http://semarc/subject/8147 650 4$aPolonia - Storia.$0(OLS)http://semarc/subject/4823 700 1 $aStrada, Vittorio <1929->.$0(OLS)http://semarc/name/17542 830 0$aUomini e donne ;$v2.$0(OLS)http://semarc/title/10136 850 $aSeMil 852 $aSeMil$W1$xVenegono$y1$m3J II 315$j5545$B5545$CSeMilBibl$Z2$F5545 $81 961 $aOmaggio: Colombo Card. Giovanni 996 $6020$a88-215-1015-8$9(OLS)http://semarc/number/9042 996 $6245$aPopieluszko :$bla Polonia. i Polacchi$9(OLS)http://semarc/title/56067 996 $6260$aMilano :$bEdizioni Paoline$9(OLS)http://semarc/publisher/32841 LEADER 01167nam a2200301 i 4500 001 000000082387 003 CaOOAMICUS 005 20030627000000.0 008 030627s2003 it u000 u mul u 013 $a54627 020 $a88-10-24103-7 040 $aSeMil$bita 245 10$aEnchiridion dei Concordati :$bdue secoli di storia dei rapporti Chiesa-Stato. 260 $aBologna :$bEDB,$c2003. 300 $aXXXVI, 2257, 35 p. ;$c22 cm. 490 0 $aStrumenti 500 $aTesti originali a fronte. 650 4$aConcordati - Testi.$0(OLS)http://semarc/subject/519 710 2 $aChiesa Cattolica.$0(OLS)http://semarc/name/987 830 0$aStrumenti.$0(OLS)http://semarc/title/6054 850 $aSeMil 852 $aSeMil$W1$xVenegono$y1$mSL1.X VI 19$j47407$B47407$CSeMilBibl$Z2$F49986 $8I 910 2 $aSanta Sede. 961 $aOmaggio: Caspani don Pierpaolo 996 $6020$a88-10-24103-7$9(OLS)http://semarc/number/63266 996 $6245$aEnchiridion dei Concordati :$bdue secoli di storia dei rapporti Chiesa-Stato$9(OLS)http://semarc/title/129659 996 $6260$aBologna :$bEDB$9(OLS)http://semarc/publisher/29669